Quizzes
Events
Quiz Creation
Community
Videos
Private Events
Remove Ads
Sign In
Join for FREE
Feedback
Dark Mode
Quiz Categories
Sports
Geography
Music
Movies
Television
Just For Fun
Miscellaneous
History
Literature
Language
Science
Gaming
Entertainment
Religion
Holiday
For Kids
Quiz Lab
Recent
Popular Today
Quiz Kudos Today
Editor Picks
Curator Picks
Quizzes by...
Day
Popularity
Type
Ratings
Length
Year
Community
Subscriptions
Recent Discussions
Orange Saloon
Badges
Playlists
Quests
Create
Leaderboards
Showdown
Live 5
Trivia Bingo
Activity
Puzzle Library
Sporcle Events
Private Events
Virtual Trivia
Globe League
Become a Host
Pub Owners
SporcleCon
Opinionation
Our Games
Videos
Blog
Mobile Apps
Partnerships
Remove Ads and Go Orange
Feedback
Sports
Athletes
MLB
NBA
NHL
NFL
Soccer
Sports Teams
WWE
NCAA
Football
Premier League
Basketball
Baseball
Hockey
Golf
Tennis
Cricket
Rugby
Auto Racing
Olympics
World Cup
Sports
Athletes
MLB
NBA
NHL
NFL
Soccer
Sports Teams
WWE
NCAA
Football
Premier League
Basketball
Baseball
Hockey
Golf
Tennis
Cricket
Rugby
Auto Racing
Olympics
World Cup
Random Quiz
Search Sporcle
×
Quiz Lab
Quiz Lab
Sports
Baseball
Type in answers that appear in a list
Type in answers that appear in a list
Classic
Best Score? Go Orange.
New York Yankees 1998 Winning Pitchers Stats
Can you name the New York Yankees 1998 Winning Pitchers?
By
phildm
8m
114 Questions
263 Plays
263 Plays
263 Plays
Comments
Comments
Give Quiz Kudos
Give Quiz Kudos
-
- Ratings
hide this ad
More Info
Replay
Link that replays current quiz
Next Quiz
Link to next quiz in quiz playlist
You Got
0%
They Got
Avg Score
80%
Avg Friend Score
Upgrade to see
Score Distribution
Jump to the score distribution portion of the page
Score
0/114
Timer
08:00
0
Plays Today
Date
Pitcher
% Correct
Apr 11
Andy Pettitte
97.7%
Apr 17
Andy Pettitte
97.7%
Apr 22
Andy Pettitte
97.7%
Apr 27
Andy Pettitte
97.7%
May 2
Andy Pettitte
97.7%
May 21
Andy Pettitte
97.7%
Jun 5
Andy Pettitte
97.7%
Jun 17
Andy Pettitte
97.7%
Jun 27
Andy Pettitte
97.7%
Jul 3
Andy Pettitte
97.7%
Jul 9
Andy Pettitte
97.7%
Jul 14
Andy Pettitte
97.7%
Jul 24
Andy Pettitte
97.7%
Aug 14
Andy Pettitte
97.7%
Aug 29
Andy Pettitte
97.7%
Sep 10
Andy Pettitte
97.7%
Apr 30
Mariano Rivera
97.3%
Aug 16
Mariano Rivera
97.3%
Aug 26
Mariano Rivera
97.3%
Apr 7
David Wells
95.8%
Apr 15
David Wells
95.8%
Apr 25
David Wells
95.8%
May 12
David Wells
95.8%
May 17
David Wells
95.8%
May 23
David Wells
95.8%
May 28
David Wells
95.8%
Jun 2
David Wells
95.8%
Jun 20
David Wells
95.8%
Jun 25
David Wells
95.8%
Jul 1
David Wells
95.8%
Jul 26
David Wells
95.8%
Aug 1
David Wells
95.8%
Aug 7
David Wells
95.8%
Aug 11
David Wells
95.8%
Aug 21
David Wells
95.8%
Sep 1
David Wells
95.8%
Sep 18
David Wells
95.8%
Apr 18
David Cone
95.4%
Date
Pitcher
% Correct
Apr 24
David Cone
95.4%
Apr 29
David Cone
95.4%
May 5
David Cone
95.4%
May 13
David Cone
95.4%
May 24
David Cone
95.4%
May 29
David Cone
95.4%
Jun 7
David Cone
95.4%
Jun 14
David Cone
95.4%
Jun 24
David Cone
95.4%
Jun 30
David Cone
95.4%
Jul 5
David Cone
95.4%
Jul 11
David Cone
95.4%
Jul 21
David Cone
95.4%
Jul 28
David Cone
95.4%
Aug 7
David Cone
95.4%
Aug 12
David Cone
95.4%
Aug 17
David Cone
95.4%
Sep 8
David Cone
95.4%
Sep 26
David Cone
95.4%
Jun 3
Orlando Hernandez
87.1%
Jun 9
Orlando Hernandez
87.1%
Jul 4
Orlando Hernandez
87.1%
Jul 18
Orlando Hernandez
87.1%
Jul 22
Orlando Hernandez
87.1%
Aug 3
Orlando Hernandez
87.1%
Aug 8
Orlando Hernandez
87.1%
Aug 13
Orlando Hernandez
87.1%
Aug 28
Orlando Hernandez
87.1%
Sep 14
Orlando Hernandez
87.1%
Sep 20
Orlando Hernandez
87.1%
Sep 25
Orlando Hernandez
87.1%
Apr 5
Jeff Nelson
83.7%
May 26
Jeff Nelson
83.7%
Jun 1
Jeff Nelson
83.7%
Jun 18
Jeff Nelson
83.7%
Jun 22
Jeff Nelson
83.7%
Apr 21
Mike Stanton
79.1%
May 6
Mike Stanton
79.1%
Date
Pitcher
% Correct
May 19
Mike Stanton
79.1%
Jul 12
Mike Stanton
79.1%
May 3
Ramiro Mendoza
68.4%
May 10
Ramiro Mendoza
68.4%
May 16
Ramiro Mendoza
68.4%
Jun 6
Ramiro Mendoza
68.4%
Jun 26
Ramiro Mendoza
68.4%
Jul 30
Ramiro Mendoza
68.4%
Aug 4
Ramiro Mendoza
68.4%
Aug 9
Ramiro Mendoza
68.4%
Sep 9
Ramiro Mendoza
68.4%
Sep 22
Ramiro Mendoza
68.4%
May 1
Hideki Irabu
66.9%
May 8
Hideki Irabu
66.9%
May 20
Hideki Irabu
66.9%
May 25
Hideki Irabu
66.9%
Jun 4
Hideki Irabu
66.9%
Jun 10
Hideki Irabu
66.9%
Jul 10
Hideki Irabu
66.9%
Jul 15
Hideki Irabu
66.9%
Jul 20
Hideki Irabu
66.9%
Jul 31
Hideki Irabu
66.9%
Aug 10
Hideki Irabu
66.9%
Sep 17
Hideki Irabu
66.9%
Sep 22
Hideki Irabu
66.9%
Apr 8
Graeme Lloyd
61.2%
Aug 4
Graeme Lloyd
61.2%
Sep 4
Graeme Lloyd
61.2%
Apr 10
Mike Buddie
24.7%
Apr 12
Mike Buddie
24.7%
Jul 2
Mike Buddie
24.7%
Sep 24
Mike Buddie
24.7%
Apr 20
Willie Willy Banks
19%
Aug 27
Jay Tessmer
18.3%
Aug 18
Joe Borowski
14.8%
Aug 22
Ryan Bradley
13.7%
Sep 23
Ryan Bradley
13.7%
Sep 27
Jim Bruske
12.5%
Quiz Playlist
Details
Report
Send in Message
Add To Playlist
More Info:
Last names accepted, do not have to be guessed in order. Regular season only. TBD = Tampa Bay Devil Rays, MON = Montreal Expos
Classic:
Type in answers that appear in a list
Quiz Source
Last Updated: Feb 16, 2017
Quiz Scoreboard
CHALLENGE
Sign Up to Join the Scoreboard
Show All
Scores
Hide
Comments
May contain spoilers
Recently Published
Billboard Blitz: Fleetwood Mac
by CooCooCachoo
Music
15s
Presidents Visiting Landmarks
by Hejman
History
7m
An Introduction to Baseball
by treessimontrees
Sports
5m
More to Explore
Quiz From the Vault
Featured Blog Post
Where Did the Easter Bunny Come From?
hide this ad
You Might Also Like...
Tags
Baseball Quiz
1998
date
New York
New York Yankees
Pitchers
score
Winning
Winning Pitchers
Today's Top Quizzes in Sports
Browse Sports
hide this ad
Today's Top Quizzes in Baseball
Browse Baseball
Top Contributed Quizzes in Sports
1
Les meilleurs buteurs des matchs entre le PSG et l’OM
2
2022 World Cup Stars
3
FIFA Club World Cup Champions
4
Les entraîneurs de l'OM et du PSG au 21e siècle
5
Criteria MLB: Left Handed Sluggers
6
Name the Premier League winners with different clubs
7
5-to-1: UK Sports Teams
8
AFC Teams Reveal (Wrong Answers Minefield)
9
Players with Multiple 50 Home Run Seasons
10
5-to-1: FBS Animal Nicknames
Explore More
Trending Topics
Crossword
Disney
Marvel
Kpop
Anime
Harry Potter
NBA
Soccer
The Office
NFL
WWE
Puzzle
Country
Pokémon
Song
hide this ad
More By:
phildm
Quiz
Plays
Rating
Category
Featured
Created
Counties of Georgia
1,854
3.63
Geography
Nov 30, 2009
ATL Braves 1990s Stat Leaders
1,242
4.00
Sports
Jan 18, 2010
2000s #1 NCAAF
1,038
3.78
Sports
Dec 31, 2009
Georgia (US State) Trivia
878
3.50
Geography
Feb 5, 2010
Logo Stars
321
5.00
Sports
Mar 10, 2011
Go to Creator's Profile
Score Distribution
Quiz Creator Spotlight
phildm
Follow
Send a Message
Quizzes Created
-
Created Quiz Play Count
-
More By This Creator
Popular Quizzes Today
1
Find the US States - No Outlines Minefield
2
Find the Countries of Europe - No Outlines Minefield
3
The Countries of the World
4
Find the US States
5
US States
6
Risky Map Clicking: Biggest States A-Z
7
Popular People in 1961
8
Movies - When Are They Set?
More Sports Quizzes
Carlo Ancelotti - Coach Career
Quiz Lab
Trending Quizzes
Risky Map Clicking: Least Populous States A-Z
1-10 Letter G Words
1-10 Letter F Words
Risky Map Clicking: Next State Alphabetically
Risky Map Clicking: Biggest States A-Z
Recently Updated
Leaping Animals
pecheneg
Reality TV Shows (A-Z)
bhenderson79
Rickey Henderson's Hall of Fame Teammates
pecheneg
Champions League XIs: Arsenal
pecheneg
Quick Pick: Celebrities in WWE's Hall of Fame
aduchscher
A-Z Keypad Blitz II
pecheneg
Multiple Oscar Actors
pecheneg
Mystery Phrase Blitz: Oscar 'Best Actors'
pecheneg
F. Scott Fitzgerald Novels
LTH
Pick 3 Villains
ddd62291
Trending Topics
Crossword
NBA
Kpop
Marvel
Harry Potter
Anime
Disney
Pokémon
Soccer
Country
Puzzle
Song
The Office
NFL
WWE
Your Account Isn't Verified!
In order to create a playlist on Sporcle, you need to verify the email address you used during registration. Go to your
Sporcle Settings
to finish the process.
Report this User
Report this user for behavior that violates our
Community Guidelines
.
Details:
Send Report
Go to the Sporcle.com Mobile Site →
Comments